De quel continent vient cette ville ? - Statistiques

Statistiques générales
  • Ce quiz a été pris 154 fois
  • Le résultat moyen est 28 sur 42
Statistiques - réponses
Hint Réponse % Correct
La Rochelle Europe
87%
Détroit Amérique du Nord
86%
Vancouver Amérique du Nord
85%
Houston Amérique du Nord
85%
Kyoto Asie
85%
Göteborg Europe
85%
Porto Europe
85%
Fès Afrique
82%
Denver Amérique du Nord
82%
Canberra Océanie
82%
Yamoussoukro Afrique
81%
Port-Soudan Afrique
80%
La Haye Europe
80%
Łódź Europe
80%
Alexandrie Afrique
79%
Tel-Aviv Asie
79%
Oran Afrique
77%
Lucerne Europe
77%
Chennai Asie
74%
Macao Asie
72%
Cuzco Amérique du Sud
71%
Medellin Amérique du Sud
69%
Nouméa Océanie
69%
Auckland Océanie
69%
Monterrey Amérique du Nord
66%
Namur Europe
66%
Adélaïde Océanie
64%
Ushuaia Amérique du Sud
63%
Porto Alegre Amérique du Sud
62%
Córdoba Amérique du Sud
60%
Hefei Asie
55%
Bloemfontein Afrique
51%
Lahore Asie
50%
Manaus Amérique du Sud
48%
Guadalajara Amérique du Nord
46%
Gatineau Amérique du Nord
45%
Suva Océanie
45%
Kano Afrique
42%
Belém Amérique du Sud
41%
Port Moresby Océanie
39%
Lucknow Asie
14%
Koror Océanie
11%
Aucun quiz correspondant
Distribution des résultats
% des personnes avec chaque résultat
Percentile par nombre de réponses
Votre historique - résultats
Vous n’avez pas pris ce quiz